Welcome to the Holygrace Academy Library

Please use search bar below to get started

WHAT A WONDERFUL DAY (Record no. 3896)

MARC details
000 -LEADER
fixed length control field 00254nam a22001217a 4500
020 ## - INTERNATIONAL STANDARD BOOK NUMBER
ISBN 0-14-032919-6
082 ## - DEWEY DECIMAL CLASSIFICATION NUMBER
Classification number 821
Item number BRA/W
245 ## - TITLE STATEMENT
Title WHAT A WONDERFUL DAY
260 ## - PUBLICATION, DISTRIBUTION, ETC. (IMPRINT)
Place of publication LONDON
Name of publisher PUFFIN BOOKS
300 ## - PHYSICAL DESCRIPTION
Number of Pages 60
650 ## - SUBJECT ADDED ENTRY--TOPICAL TERM
Topical Term POETRY
Geographic subdivision LONDON
942 ## - ADDED ENTRY ELEMENTS (KOHA)
Koha item type Books
Holdings
Withdrawn status Lost status Collection code Home library Current library Shelving location Date acquired Source of acquisition Full call number Accession Number Koha item type
    Non-fiction Main Library Main Library SHELF-16D -ENGLISH GRAMMAR ,POEMS 05/02/2019 PURCHASE 821 BRA/W 11026 Books